[Event "New Zealand Championship 2023"]
[Site "Wellington"]
[Date "2023.01.03"]
[Round "2.7"]
[White "Smith, Robert W"]
[Black "Metge, J Nigel"]
[Result "1-0"]
[WhiteElo "2283"]
[BlackElo "2146"]

1. Nf3 {[%clk 01:30:58] [%emt 00:00:01]} 1... e6 {[%clk 01:29:31] [%emt
00:01:30]} 2. d3 {[%clk 01:31:06] [%emt 00:00:23]} 2... d5 {[%clk 01:29:51]
[%emt 00:00:10]} 3. Nbd2 {[%clk 01:29:54] [%emt 00:01:42]} 3... Nf6 {[%clk
01:30:01] [%emt 00:00:19]} 4. e4 {[%clk 01:28:43] [%emt 00:01:42]} 4... c5
{[%clk 01:30:25] [%emt 00:00:07]} 5. Be2 {[%clk 01:25:18] [%emt 00:03:54]} 5...
Nc6 {[%clk 01:30:38] [%emt 00:00:17]} 6. O-O {[%clk 01:24:51] [%emt 00:00:57]}
6... Be7 {[%clk 01:31:03] [%emt 00:00:06]} 7. Re1 {[%clk 01:24:14] [%emt
00:01:08]} 7... O-O {[%clk 01:30:49] [%emt 00:00:44]} 8. c3 {[%clk 01:22:38]
[%emt 00:02:05]} 8... b6 {[%clk 01:29:43] [%emt 00:01:36]} 9. e5 {[%clk
01:20:23] [%emt 00:02:44]} 9... Nd7 {[%clk 01:30:03] [%emt 00:00:09]} 10. d4
{[%clk 01:20:48] [%emt 00:00:06]} 10... f6 {[%clk 01:27:28] [%emt 00:03:05]}
11. Bb5 {[%clk 01:19:32] [%emt 00:01:46]} 11... Qc7 {[%clk 01:26:44] [%emt
00:01:15]} 12. exf6 {[%clk 01:17:18] [%emt 00:02:44]} 12... Nxf6 {[%clk
01:23:06] [%emt 00:04:08]} 13. Nf1 {[%clk 01:13:55] [%emt 00:03:53]} 13... Bd6
{[%clk 01:15:59] [%emt 00:07:37]} 14. Bg5 {[%clk 01:10:03] [%emt 00:04:23]}
14... Bd7 {[%clk 01:16:11] [%emt 00:00:18]} 15. Bh4 {[%clk 01:05:37] [%emt
00:04:55]} 15... c4 {[%clk 01:00:57] [%emt 00:15:44]} 16. Ba4 {[%clk 01:03:30]
[%emt 00:02:37]} 16... Ne7 {[%clk 00:59:41] [%emt 00:01:46]} 17. Bg3 {[%clk
00:46:24] [%emt 00:17:34]} 17... Bxa4 {[%clk 00:57:12] [%emt 00:03:00]} 18.
Qxa4 {[%clk 00:46:46] [%emt 00:00:08]} 18... Ne4 {[%clk 00:57:03] [%emt
00:00:39]} 19. Bxd6 {[%clk 00:42:12] [%emt 00:05:03]} 19... Qxd6 {[%clk
00:57:31] [%emt 00:00:03]} 20. Ng3 {[%clk 00:42:04] [%emt 00:00:37]} 20... Nxg3
{[%clk 00:41:30] [%emt 00:16:32]} 21. hxg3 {[%clk 00:42:28] [%emt 00:00:06]}
21... a6 {[%clk 00:41:38] [%emt 00:00:22]} 22. Qc2 {[%clk 00:40:26] [%emt
00:02:31]} 22... Rf6 {[%clk 00:41:25] [%emt 00:00:43]} 23. Re2 {[%clk 00:38:29]
[%emt 00:02:28]} 23... Raf8 {[%clk 00:41:42] [%emt 00:00:12]} 24. Rae1 {[%clk
00:38:48] [%emt 00:00:12]} 24... h6 {[%clk 00:39:33] [%emt 00:02:38]} 25. Qa4
{[%clk 00:32:16] [%emt 00:07:01]} 25... b5 {[%clk 00:39:52] [%emt 00:00:13]}
26. Qa3 {[%clk 00:32:41] [%emt 00:00:05]} 26... Rd8 {[%clk 00:36:19] [%emt
00:04:02]} 27. Qxd6 {[%clk 00:31:44] [%emt 00:01:27]} 27... Rxd6 {[%clk
00:36:48] [%emt 00:00:02]} 28. Ne5 {[%clk 00:25:36] [%emt 00:06:38]} 28... g5
{[%clk 00:34:32] [%emt 00:02:45]} 29. a4 {[%clk 00:24:30] [%emt 00:01:36]}
29... bxa4 {[%clk 00:30:15] [%emt 00:04:47]} 30. Ra1 {[%clk 00:24:52] [%emt
00:00:07]} 30... Rf8 {[%clk 00:30:28] [%emt 00:00:18]} 31. Rxa4 {[%clk
00:24:56] [%emt 00:00:27]} 31... Rb8 {[%clk 00:30:42] [%emt 00:00:15]} 32. Ra2
{[%clk 00:24:54] [%emt 00:00:32]} 32... Kg7 {[%clk 00:29:41] [%emt 00:01:32]}
33. Kf1 {[%clk 00:18:00] [%emt 00:07:24]} 33... Nf5 {[%clk 00:23:54] [%emt
00:06:16]} 34. Ke1 {[%clk 00:16:02] [%emt 00:02:28]} 34... Kf6 {[%clk 00:21:49]
[%emt 00:02:36]} 35. Kd1 {[%clk 00:15:11] [%emt 00:01:20]} 35... Ke7 {[%clk
00:19:36] [%emt 00:02:43]} 36. g4 {[%clk 00:13:31] [%emt 00:02:11]} 36... Ng7
{[%clk 00:19:20] [%emt 00:00:46]} 37. Re1 {[%clk 00:13:24] [%emt 00:00:37]}
37... Kf6 {[%clk 00:18:00] [%emt 00:01:50]} 38. Re3 {[%clk 00:12:43] [%emt
00:01:10]} 38... Ne8 {[%clk 00:15:31] [%emt 00:03:00]} 39. Rf3+ {[%clk
00:12:50] [%emt 00:00:23]} 39... Kg7 {[%clk 00:15:28] [%emt 00:00:33]} 40. Rf7+
{[%clk 00:42:10] [%emt 00:01:09]} 40... Kg8 {[%clk 00:45:43] [%emt 00:00:16]}
41. Ra7 {[%clk 00:41:44] [%emt 00:00:56]} 41... Nf6 {[%clk 00:42:18] [%emt
00:03:55]} 42. f3 {[%clk 00:42:03] [%emt 00:00:10]} 42... h5 {[%clk 00:38:54]
[%emt 00:03:55]} 43. gxh5 {[%clk 00:41:59] [%emt 00:00:34]} 43... Nxh5 {[%clk
00:39:21] [%emt 00:00:03]} 44. Kc1 {[%clk 00:40:09] [%emt 00:02:19]} 44... Nf4
{[%clk 00:39:21] [%emt 00:00:31]} 45. R2xa6 {[%clk 00:38:30] [%emt 00:02:09]}
45... Rxa6 {[%clk 00:39:24] [%emt 00:00:26]} 46. Rxa6 {[%clk 00:38:54] [%emt
00:00:07]} 46... Rb7 {[%clk 00:35:17] [%emt 00:04:37]} 47. g3 {[%clk 00:37:00]
[%emt 00:02:23]} 47... Ne2+ {[%clk 00:35:30] [%emt 00:00:18]} 48. Kc2 {[%clk
00:37:17] [%emt 00:00:12]} 48... Rh7 {[%clk 00:34:49] [%emt 00:01:11]} 49. Ra8+
{[%clk 00:31:29] [%emt 00:06:17]} 49... Kg7 {[%clk 00:35:05] [%emt 00:00:14]}
50. Ra7+ {[%clk 00:31:29] [%emt 00:00:30]} 50... Kg8 {[%clk 00:35:23] [%emt
00:00:13]} 51. Rxh7 {[%clk 00:31:54] [%emt 00:00:05]} 51... Kxh7 {[%clk
00:35:43] [%emt 00:00:09]} 52. g4 {[%clk 00:32:09] [%emt 00:00:15]} 52... Kg7
{[%clk 00:35:08] [%emt 00:01:05]} 53. b3 {[%clk 00:32:00] [%emt 00:00:40]}
53... cxb3+ {[%clk 00:35:26] [%emt 00:00:13]} 54. Kxb3 {[%clk 00:32:29] [%emt
00:00:01]} 54... Kf6 {[%clk 00:35:31] [%emt 00:00:25]} 55. Kc2 {[%clk 00:32:11]
[%emt 00:00:47]} 55... Ke7 {[%clk 00:35:11] [%emt 00:00:50]} 56. Kd2 {[%clk
00:32:12] [%emt 00:00:29]} 56... Nf4 {[%clk 00:35:23] [%emt 00:00:19]} 57. Nd3
{[%clk 00:32:02] [%emt 00:00:39]} 57... Ng6 {[%clk 00:35:16] [%emt 00:00:38]}
58. Ke3 {[%clk 00:32:20] [%emt 00:00:12]} 58... Kf6 {[%clk 00:34:37] [%emt
00:01:10]} 59. f4 {[%clk 00:30:41] [%emt 00:02:08]} 59... Nh4 {[%clk 00:31:34]
[%emt 00:03:33]} 60. Kf2 {[%clk 00:29:24] [%emt 00:01:46]} 60... Ng6 {[%clk
00:30:46] [%emt 00:01:19]} 61. Kg3 {[%clk 00:29:44] [%emt 00:00:09]} 61... Ne7
{[%clk 00:26:56] [%emt 00:04:22]} 62. Ne5 {[%clk 00:28:40] [%emt 00:01:33]}
62... Nc8 {[%clk 00:26:36] [%emt 00:00:52]} 63. Nf3 {[%clk 00:25:18] [%emt
00:03:51]} 63... gxf4+ {[%clk 00:22:07] [%emt 00:04:59]} 64. Kxf4 {[%clk
00:25:47] [%emt 00:00:01]} 64... Nd6 {[%clk 00:21:17] [%emt 00:01:20]} 65. g5+
{[%clk 00:25:54] [%emt 00:00:23]} 65... Ke7 {[%clk 00:20:56] [%emt 00:00:51]}
66. Ng1 {[%clk 00:20:47] [%emt 00:05:36]} 66... Kf7 {[%clk 00:18:36] [%emt
00:02:51]} 67. Ne2 {[%clk 00:20:57] [%emt 00:00:20]} 67... Nc4 {[%clk 00:18:36]
[%emt 00:00:30]} 68. Kg4 {[%clk 00:20:11] [%emt 00:01:15]} 68... Ne3+ {[%clk
00:12:18] [%emt 00:06:49]} 69. Kh5 {[%clk 00:19:42] [%emt 00:00:57]} 69... Nf5
{[%clk 00:11:07] [%emt 00:01:43]} 70. Nf4 {[%clk 00:19:02] [%emt 00:01:09]}
70... Ng7+ {[%clk 00:09:05] [%emt 00:02:33]} 71. Kh6 {[%clk 00:18:25] [%emt
00:01:05]} 71... Nf5+ {[%clk 00:08:04] [%emt 00:01:32]} 72. Kh7 {[%clk
00:18:46] [%emt 00:00:09]} 72... Ng7 {[%clk 00:08:24] [%emt 00:00:12]} 73. Ng6
{[%clk 00:14:46] [%emt 00:04:28]} 73... Nf5 {[%clk 00:07:53] [%emt 00:01:02]}
74. Ne5+ {[%clk 00:14:58] [%emt 00:00:18]} 74... Kf8 {[%clk 00:01:38] [%emt
00:06:46]} 75. g6 {[%clk 00:14:35] [%emt 00:00:52]} 75... Ne7 {[%clk 00:01:16]
[%emt 00:00:52]} 76. g7+ {[%clk 00:14:29] [%emt 00:00:36]} 1-0

[Event "New Zealand Championship 2023"]
[Site "Wellington"]
[Date "2023.01.03"]
[Round "2.8"]
[White "McLaren, Leonard J"]
[Black "Xing, Zerui"]
[Result "1/2-1/2"]
[WhiteElo "2265"]
[BlackElo "1596"]

1. e4 {[%clk 01:30:54] [%emt 00:00:05]} 1... e6 {[%clk 01:28:43] [%emt
00:02:18]} 2. d4 {[%clk 01:31:16] [%emt 00:00:07]} 2... d5 {[%clk 01:29:02]
[%emt 00:00:12]} 3. Bd3 {[%clk 01:31:40] [%emt 00:00:06]} 3... dxe4 {[%clk
01:28:55] [%emt 00:00:37]} 4. Bxe4 {[%clk 01:32:04] [%emt 00:00:05]} 4... Nf6
{[%clk 01:29:16] [%emt 00:00:10]} 5. Bf3 {[%clk 01:32:28] [%emt 00:00:05]} 5...
Bd6 {[%clk 01:28:15] [%emt 00:01:32]} 6. Ne2 {[%clk 01:30:01] [%emt 00:02:56]}
6... O-O {[%clk 01:27:32] [%emt 00:01:14]} 7. Bg5 {[%clk 01:27:17] [%emt
00:03:14]} 7... Nbd7 {[%clk 01:26:45] [%emt 00:01:17]} 8. Nbc3 {[%clk 01:24:21]
[%emt 00:03:26]} 8... Rb8 {[%clk 01:20:07] [%emt 00:07:09]} 9. Nb5 {[%clk
01:20:27] [%emt 00:04:22]} 9... a6 {[%clk 01:19:41] [%emt 00:00:57]} 10. Nxd6
{[%clk 01:17:56] [%emt 00:03:01]} 10... cxd6 {[%clk 01:20:01] [%emt 00:00:10]}
11. O-O {[%clk 01:13:45] [%emt 00:04:41]} 11... Qc7 {[%clk 01:19:11] [%emt
00:01:21]} 12. Nc3 {[%clk 01:09:38] [%emt 00:04:37]} 12... b5 {[%clk 01:19:06]
[%emt 00:00:35]} 13. Ne4 {[%clk 01:02:16] [%emt 00:07:51]} 13... Nxe4 {[%clk
01:18:55] [%emt 00:00:42]} 14. Bxe4 {[%clk 01:02:40] [%emt 00:00:06]} 14... Bb7
{[%clk 01:19:10] [%emt 00:00:16]} 15. Bd3 {[%clk 01:00:27] [%emt 00:02:42]}
15... Qc6 {[%clk 01:16:42] [%emt 00:02:58]} 16. Qg4 {[%clk 00:56:25] [%emt
00:04:31]} 16... f5 {[%clk 01:16:20] [%emt 00:00:53]} 17. Qh3 {[%clk 00:51:09]
[%emt 00:05:45]} 17... h6 {[%clk 01:15:31] [%emt 00:01:21]} 18. Bd2 {[%clk
00:50:01] [%emt 00:01:38]} 18... g5 {[%clk 01:14:02] [%emt 00:01:59]} 19. f3
{[%clk 00:47:11] [%emt 00:03:19]} 19... Kg7 {[%clk 01:12:06] [%emt 00:02:27]}
20. Rfe1 {[%clk 00:46:01] [%emt 00:01:40]} 20... Rbe8 {[%clk 01:12:01] [%emt
00:00:35]} 21. Re2 {[%clk 00:41:57] [%emt 00:04:33]} 21... Nf6 {[%clk 01:10:08]
[%emt 00:02:24]} 22. Rae1 {[%clk 00:40:40] [%emt 00:01:46]} 22... Qd5 {[%clk
01:09:55] [%emt 00:00:44]} 23. Kh1 {[%clk 00:37:08] [%emt 00:04:01]} 23... Qxa2
{[%clk 01:03:55] [%emt 00:06:31]} 24. b3 {[%clk 00:36:01] [%emt 00:01:36]}
24... Qb2 {[%clk 01:04:06] [%emt 00:00:20]} 25. Rxe6 {[%clk 00:34:00] [%emt
00:02:30]} 25... Rxe6 {[%emt 00:00:07]} 26. Rxe6 {[%clk 00:34:23] [%emt
00:00:05]} 26... Be4 {[%clk 01:04:15] [%emt 00:00:46]} 27. Be3 {[%clk 00:27:25]
[%emt 00:07:28]} 27... Bxd3 {[%clk 01:02:24] [%emt 00:02:21]} 28. cxd3 {[%clk
00:27:40] [%emt 00:00:14]} 28... Qb1+ {[%clk 01:00:18] [%emt 00:02:37]} 29. Bg1
{[%clk 00:28:04] [%emt 00:00:06]} 29... Qxd3 {[%clk 00:59:59] [%emt 00:00:50]}
30. Rxd6 {[%clk 00:27:41] [%emt 00:00:52]} 30... a5 {[%clk 00:55:52] [%emt
00:04:37]} 31. Ra6 {[%clk 00:26:58] [%emt 00:01:13]} 31... Kg6 {[%clk 00:49:27]
[%emt 00:06:55]} 32. Qg3 {[%clk 00:23:48] [%emt 00:03:39]} 32... f4 {[%clk
00:48:58] [%emt 00:01:00]} 33. Qe1 {[%clk 00:23:54] [%emt 00:00:23]} 33... Qxb3
{[%clk 00:48:39] [%emt 00:00:49]} 34. Qxa5 {[%clk 00:23:09] [%emt 00:01:15]}
34... g4 {[%clk 00:47:02] [%emt 00:02:07]} 35. fxg4 {[%clk 00:20:06] [%emt
00:03:32]} 35... f3 {[%clk 00:46:56] [%emt 00:00:37]} 36. Qd2 {[%clk 00:18:39]
[%emt 00:01:57]} 36... fxg2+ {[%clk 00:45:47] [%emt 00:01:39]} 37. Qxg2 {[%clk
00:18:57] [%emt 00:00:11]} 37... b4 {[%clk 00:43:34] [%emt 00:02:44]} 38. d5
{[%clk 00:12:16] [%emt 00:07:10]} 38... Qd3 {[%clk 00:43:17] [%emt 00:00:47]}
39. Rb6 {[%clk 00:10:47] [%emt 00:01:58]} 39... b3 {[%clk 00:42:43] [%emt
00:01:05]} 40. h4 {[%clk 00:38:56] [%emt 00:02:20]} 40... b2 {[%clk 01:07:51]
[%emt 00:05:23]} 41. h5+ {[%clk 00:34:29] [%emt 00:04:57]} 41... Kg5 {[%clk
01:05:33] [%emt 00:02:49]} 42. Rxb2 {[%clk 00:33:05] [%emt 00:01:54]} 42...
Qxd5 {[%clk 01:04:14] [%emt 00:01:44]} 43. Be3+ {[%clk 00:31:35] [%emt
00:02:04]} 43... Kh4 {[%clk 01:04:26] [%emt 00:00:20]} 44. Qxd5 {[%clk
00:29:41] [%emt 00:02:24]} 44... Nxd5 {[%clk 01:04:42] [%emt 00:00:13]} 45.
Bxh6 {[%clk 00:29:12] [%emt 00:00:58]} 45... Rf6 {[%clk 01:04:30] [%emt
00:00:43]} 46. Bg7 {[%clk 00:28:15] [%emt 00:01:26]} 46... Rf1+ {[%clk
01:04:24] [%emt 00:00:37]} 47. Kh2 {[%clk 00:26:50] [%emt 00:01:56]} 47... Ne3
{[%clk 01:03:05] [%emt 00:01:48]} 48. Rb3 {[%clk 00:20:53] [%emt 00:06:26]}
48... Rf2+ {[%clk 01:03:14] [%emt 00:00:23]} 49. Kg1 {[%clk 00:21:10] [%emt
00:00:09]} 49... Rf1+ {[%clk 01:03:25] [%emt 00:00:23]} 50. Kh2 {[%clk
00:21:21] [%emt 00:00:20]} 1/2-1/2

[Event "New Zealand Championship 2023"]
[Site "Wellington"]
[Date "2023.01.03"]
[Round "2.9"]
[White "Dive, Russell J"]
[Black "Braganza, Nadia"]
[Result "1-0"]
[WhiteElo "2350"]
[BlackElo "1838"]

1. c4 {[%clk 01:30:58] [%emt 00:00:01]} 1... c5 {[%clk 01:30:50] [%emt
00:00:11]} 2. Nc3 {[%clk 01:31:21] [%emt 00:00:07]} 2... Nc6 {[%clk 01:31:12]
[%emt 00:00:09]} 3. g3 {[%clk 01:31:43] [%emt 00:00:07]} 3... g6 {[%clk
01:31:14] [%emt 00:00:27]} 4. Bg2 {[%clk 01:32:11] [%emt 00:00:02]} 4... Bg7
{[%clk 01:31:38] [%emt 00:00:07]} 5. Nf3 {[%clk 01:32:35] [%emt 00:00:06]} 5...
Nf6 {[%clk 01:31:03] [%emt 00:01:06]} 6. O-O {[%clk 01:32:56] [%emt 00:00:08]}
6... O-O {[%clk 01:31:28] [%emt 00:00:05]} 7. d4 {[%clk 01:33:00] [%emt
00:00:26]} 7... cxd4 {[%clk 01:29:14] [%emt 00:02:44]} 8. Nxd4 {[%clk 01:33:28]
[%emt 00:00:02]} 8... Nxd4 {[%clk 01:27:27] [%emt 00:02:18]} 9. Qxd4 {[%clk
01:33:54] [%emt 00:00:02]} 9... d6 {[%clk 01:27:28] [%emt 00:00:30]} 10. Qh4
{[%clk 01:30:53] [%emt 00:03:31]} 10... Rb8 {[%clk 01:23:30] [%emt 00:04:28]}
11. Bg5 {[%clk 01:26:31] [%emt 00:04:52]} 11... Re8 {[%clk 01:13:44] [%emt
00:10:16]} 12. Rac1 {[%clk 01:25:24] [%emt 00:01:37]} 12... Be6 {[%clk
01:11:02] [%emt 00:03:12]} 13. b4 {[%clk 01:16:55] [%emt 00:08:58]} 13... a6
{[%clk 00:57:53] [%emt 00:13:39]} 14. a3 {[%clk 01:10:48] [%emt 00:06:37]}
14... Rc8 {[%clk 00:50:11] [%emt 00:08:13]} 15. c5 {[%clk 01:02:28] [%emt
00:08:49]} 15... Qc7 {[%clk 00:26:17] [%emt 00:24:24]} 16. Rfd1 {[%clk
00:54:02] [%emt 00:08:55]} 16... d5 {[%clk 00:18:47] [%emt 00:08:01]} 17. Bxd5
{[%clk 00:49:23] [%emt 00:05:08]} 17... Nxd5 {[%clk 00:19:00] [%emt 00:00:18]}
18. Nxd5 {[%clk 00:49:44] [%emt 00:00:09]} 18... Bxd5 {[%clk 00:19:19] [%emt
00:00:11]} 19. Rxd5 {[%clk 00:50:12] [%emt 00:00:03]} 19... Bb2 {[%clk
00:17:36] [%emt 00:02:12]} 20. Rcd1 {[%clk 00:50:27] [%emt 00:00:14]} 20...
Rcd8 {[%clk 00:17:41] [%emt 00:00:26]} 21. Rxd8 {[%clk 00:42:56] [%emt
00:08:01]} 21... Rxd8 {[%clk 00:18:04] [%emt 00:00:07]} 22. Rb1 {[%clk
00:43:15] [%emt 00:00:11]} 22... Bg7 {[%clk 00:07:36] [%emt 00:10:58]} 23. Bxe7
{[%clk 00:42:48] [%emt 00:00:57]} 23... Rd4 {[%clk 00:07:38] [%emt 00:00:28]}
24. Bd6 {[%clk 00:40:53] [%emt 00:02:25]} 24... Qd7 {[%clk 00:07:16] [%emt
00:00:52]} 25. Qg5 {[%clk 00:40:45] [%emt 00:00:37]} 25... h6 {[%clk 00:07:17]
[%emt 00:00:30]} 26. Qe3 {[%clk 00:40:56] [%emt 00:00:19]} 26... Qf5 {[%clk
00:06:58] [%emt 00:00:49]} 27. Rf1 {[%clk 00:34:03] [%emt 00:07:22]} 27... Re4
{[%clk 00:04:57] [%emt 00:02:31]} 28. Qd3 {[%clk 00:32:25] [%emt 00:02:08]}
28... Rd4 {[%clk 00:05:22] [%emt 00:00:06]} 29. Qxf5 {[%clk 00:31:10] [%emt
00:01:44]} 29... gxf5 {[%clk 00:05:47] [%emt 00:00:05]} 30. Bf4 {[%clk
00:30:58] [%emt 00:00:41]} 30... a5 {[%clk 00:04:34] [%emt 00:01:44]} 31. Rb1
{[%clk 00:30:06] [%emt 00:01:22]} 31... a4 {[%clk 00:02:05] [%emt 00:03:00]}
32. b5 {[%clk 00:28:07] [%emt 00:02:29]} 32... Rc4 {[%clk 00:02:23] [%emt
00:00:12]} 33. c6 {[%clk 00:25:10] [%emt 00:03:26]} 33... b6 {[%clk 00:02:46]
[%emt 00:00:08]} 34. c7 {[%clk 00:25:06] [%emt 00:00:34]} 34... Bf6 {[%clk
00:01:35] [%emt 00:01:41]} 35. Rc1 {[%clk 00:25:19] [%emt 00:00:16]} 1-0

[Event "New Zealand Championship 2023"]
[Site "Wellington"]
[Date "2023.01.03"]
[Round "2.10"]
[White "Young, Cohen"]
[Black "Hague, Ben"]
[Result "0-1"]
[WhiteElo "1994"]
[BlackElo "2494"]

1. e4 {[%clk 01:30:59]} 1... c5 {[%clk 01:30:53] [%emt 00:00:08]} 2. Nf3 {[%clk
01:31:23] [%emt 00:00:06]} 2... Nc6 {[%clk 01:31:18] [%emt 00:00:04]} 3. Nc3
{[%clk 01:31:48] [%emt 00:00:05]} 3... e5 {[%clk 01:31:27] [%emt 00:00:20]} 4.
Bc4 {[%clk 01:32:11] [%emt 00:00:07]} 4... Be7 {[%clk 01:31:51] [%emt
00:00:06]} 5. d3 {[%clk 01:32:12] [%emt 00:00:30]} 5... Nf6 {[%clk 01:32:02]
[%emt 00:00:18]} 6. Nd5 {[%clk 01:32:05] [%emt 00:00:37]} 6... d6 {[%clk
01:31:43] [%emt 00:00:50]} 7. c3 {[%clk 01:32:09] [%emt 00:00:25]} 7... O-O
{[%clk 01:31:31] [%emt 00:00:41]} 8. a4 {[%clk 01:31:07] [%emt 00:01:33]} 8...
Kh8 {[%clk 01:29:15] [%emt 00:02:46]} 9. h3 {[%clk 01:20:22] [%emt 00:11:16]}
9... Nxd5 {[%clk 01:26:07] [%emt 00:03:38]} 10. Bxd5 {[%clk 01:20:24] [%emt
00:00:28]} 10... f5 {[%clk 01:25:38] [%emt 00:00:59]} 11. Bd2 {[%clk 01:17:23]
[%emt 00:03:31]} 11... Bf6 {[%clk 01:23:51] [%emt 00:02:16]} 12. Qb3 {[%clk
01:08:38] [%emt 00:09:15]} 12... Qb6 {[%clk 01:11:34] [%emt 00:12:48]} 13. a5
{[%clk 01:02:51] [%emt 00:06:17]} 13... Qc7 {[%clk 01:10:46] [%emt 00:01:17]}
14. Qa3 {[%clk 00:57:23] [%emt 00:05:59]} 14... Ne7 {[%clk 01:09:09] [%emt
00:02:07]} 15. Bc4 {[%clk 00:57:19] [%emt 00:00:34]} 15... Qc6 {[%clk 01:04:15]
[%emt 00:05:24]} 16. Ng5 {[%clk 00:52:53] [%emt 00:04:56]} 16... fxe4 {[%clk
00:51:37] [%emt 00:13:09]} 17. Nf7+ {[%clk 00:52:59] [%emt 00:00:24]} 17...
Rxf7 {[%clk 00:52:01] [%emt 00:00:06]} 18. Bxf7 {[%clk 00:53:24] [%emt
00:00:05]} 18... exd3 {[%clk 00:51:59] [%emt 00:00:31]} 19. O-O {[%clk
00:52:13] [%emt 00:01:41]} 19... Bd7 {[%clk 00:49:48] [%emt 00:02:42]} 20. c4
{[%clk 00:44:41] [%emt 00:08:03]} 20... Rf8 {[%clk 00:49:07] [%emt 00:01:10]}
21. Bh5 {[%clk 00:43:17] [%emt 00:01:54]} 21... e4 {[%clk 00:49:00] [%emt
00:00:37]} 22. Rae1 {[%clk 00:39:19] [%emt 00:04:29]} 22... d5 {[%clk 00:41:48]
[%emt 00:07:42]} 23. cxd5 {[%clk 00:38:24] [%emt 00:01:26]} 23... Qxd5 {[%clk
00:42:11] [%emt 00:00:07]} 24. Bd1 {[%clk 00:38:45] [%emt 00:00:09]} 24... Bd4
{[%clk 00:37:50] [%emt 00:04:51]} 25. Bb3 {[%clk 00:36:20] [%emt 00:02:55]}
25... Qe5 {[%clk 00:34:10] [%emt 00:04:10]} 26. Be3 {[%clk 00:34:27] [%emt
00:02:24]} 26... Nc6 {[%clk 00:32:34] [%emt 00:02:05]} 27. Ba4 {[%clk 00:32:04]
[%emt 00:02:53]} 27... h6 {[%clk 00:29:06] [%emt 00:03:58]} 28. Kh1 {[%clk
00:27:33] [%emt 00:05:01]} 28... Rf6 {[%clk 00:21:26] [%emt 00:08:10]} 29. Bd1
{[%clk 00:16:52] [%emt 00:11:11]} 29... c4 {[%clk 00:18:05] [%emt 00:03:51]}
30. Bxd4 {[%clk 00:13:26] [%emt 00:03:56]} 30... Nxd4 {[%clk 00:16:55] [%emt
00:01:41]} 31. Qb4 {[%clk 00:13:29] [%emt 00:00:27]} 31... Qd5 {[%clk 00:16:54]
[%emt 00:00:29]} 32. Qe7 {[%clk 00:11:57] [%emt 00:02:03]} 32... Bc6 {[%clk
00:17:09] [%emt 00:00:14]} 33. f3 {[%clk 00:04:40] [%emt 00:07:47]} 33... exf3
{[%clk 00:16:37] [%emt 00:01:02]} 34. Kh2 {[%clk 00:04:01] [%emt 00:01:09]}
34... f2 {[%clk 00:16:19] [%emt 00:00:47]} 0-1